1786 1220 1124 1946 1255 1672 1516 1631 1752 1061 1400 1434 1415 1737 1331 1563 1261 1452 1031 1891 1446 1263 1995 1018 1932 1193 1836 1492 1025 1571 1431 1475 1918 1077 1324 1236 1531 1733 1393 1272 1832 1656 1092 1919 1377 1476 1623 1500 1878 1490 1547 1973 1225 1603 1457 1943 1340 1957 1747 1551 1364 1932 1978 1528 1008 1057 1744 1633 1736 1587 1110 1482 1127 1884 1313 1998 1461 1665 1360 1295 1210 1924 1382 1922 1793 1310 1037 1354 1231 1038 1672 1222 1965 1572 1078 1693 1220 1242 1173 BCNSPRNW ULIB Ver.6.0+V

เปลี่ยนเป็นภาษาไทย

Change to English
 แสดงรายละเอียดบรรณานุกรม
  กลับหน้าหลัก

Brief Record : Get Marc (ISO 2709) : E-mail record : QR code < ปิดหน้าต่าง
LEADER : 00000nam 2200000uu 4500
001    13399115060
003     ULIB
008    120706s2550||||th 000 0 tha d
020    ^a9789744723642
090    ^aนว.^bร930ฮ ล.3 2550
100 0  ^aโรว์ลิ่ง, เจ.เค.
245 00 ^aแฮร์รี่ พอตเตอร์ กับนักโทษแห่งอัซคามัน เล่ม 3/^cโรว์ลิ่ง, เจ.เค.
250    ^aพิมพ์ครั้งที่ 22
260    ^aกรุงเทพฯ :^bนานมีบุ๊คส์,^c2550
300    ^a520หน้า
710 1  ^aนานมีบุ๊คส์
945    ^p0^l0^i14051
995    ^aกัณชพร
999    ^aใช้งานได้ทุกระบบ
รายการนี้ยังไม่มีแท็ก
คุณยังไม่ได้ล็อกอิน คุณสามารถมีกิจกรรมร่วมกับเว็บไซต์ได้ แต่ต้องล็อกอินก่อน ::
  ล็อกอิน

รายการสื่อสารสนเทศ

ลำดับที่ ประเภท เลขเรียก/บาร์โค้ด สถานที่ สถานะ
- ไม่พบข้อมูล -

รายการใกล้เคียง
    ผู้แต่ง [โรว์ลิ่ง, เจ.เค.]

BibComment


ยังไม่เคยถูกคอมเมนท์

คอมเมนท์ทรัพยากรรายการนี้
  คอมเมนท์: แฮร์รี่ พอตเตอร์..


 Copyright 2026. Bcnsprnw @Library